000
00303nam a2200121Ia 4500
008
191201s2008 xx 000 0 und d
100
_a
SHARMA, Sanjay
245
0
_a
Wireless & Cellular Communications
260
_a
N. Delhi
_b
SK kataria
_c
2008
300
_a
823
650
_a
B.Tech(ECE)
942
_2
ddc
_c
BK
999
_c
6651
_d
6651